[Event "GCT 2019 Zagabria"]
[Site "Zagabria"]
[Date "28.06.2019"]
[Round "3"]
[White "Caruana,F"]
[Black "Carlsen,M"]
[Result "1/2-1/2"]
[WhiteElo "2819"]
[BlackElo "2875"]
[EventDate "2019.06.26"]

1. e4 e5 2. Nf3 Nc6 3. Bb5 a6 4. Ba4 Nf6 5. O-O Nxe4 6. d4 Be7 7. Re1 b5 8.
Rxe4 d5 9. Nxe5 Nxe5 10. Rxe5 bxa4 11. Nc3 O-O 12. Re1 Bd6 13. Qh5 a3 14.
Nxd5 axb2 15. Bxb2 Rb8 16. Rab1 Re8 17. Ne3 Bf4 18. d5 Rb4 19. c4 Bxe3 20.
Rxe3 Rxe3 21. fxe3 Rxc4 22. Bd4 c5 23. Ba1 f6 24. h3 Qe7 25. Qf3 h6 26. Re1
Re4 27. Kf2 Bd7 28. Rd1 Kh7 29. Rd2 Qe8 30. Bb2 Ra4 31. a3 Rc4 32. Re2 Qg6
33. e4 Ba4 34. d6 Bc6 35. Qg3 Qxg3+ 36. Kxg3 Kg6 37. e5 fxe5 38. Bxe5 h5
39. Bb2 h4+ 40. Kh2 Kf5 41. Bxg7 Re4 42. Rxe4 Kxe4 43. Bf6 c4 44. Bxh4 c3
45. Bf6 c2 46. Bb2 Kd5 47. g4 Kxd6 48. Kg3 Bb5 49. Kf3 Ke7 50. h4 Kf8 51.
h5 Be8 52. Kg3 Kg8 53. Kh4 Kh7 54. Kg5 Bd7 55. Kf4 a5 56. Kg5 a4 57. Kf4
Be6 58. g5 Bf7 59. g6+ Bxg6 60. hxg6+ Kxg6 61. Ke5 Kf7 62. Kd6 Ke8 63. Bc1
Kd8 64. Kc6 Kc8 65. Bf4 c1Q+ 66. Bxc1 Kb8 67. Kb6 Ka8 68.Bf4 1/2-1/2